000 00713nam a2200289Ia 4500
005 20260324141927.0
008 008 260324s9999 xx 000 0 eng d
020 _a9781315037400
037 _aEBOOK
040 _aCRL
040 _beng
040 _cCRL
041 _2eng
041 _aeng
084 _qCRL
100 _aPierre Lanfranchi; Richard Holt; J A Mangan; J A Mangan; Boria Majumdar
_91210032
245 0 _aEuropean Heroes
245 0 _bMyth, Identity, Sport
260 _bTaylor and Francis
260 _c1996
365 _a
365 _b290
856 _uhttp://www.taylorfrancis.com/books/9781315037400
942 _cEBOOK
999 _c1813648
_d1813648